=LDR 00000nam 2200000 4500 =001 INLIS000000000022339 =005 20130612121115 =008 ***********************************Ind** =035 ##$$0010-061300000022339 =041 ##$$a Ind =082 ##$$a 650 =090 ##$$a 650, Ari-p =100 ##$$a Arifianti,farida =245 ##$$a Peluang bisnis katering dan pengelolaannya, Farida Arifianti =260 ##$$a 1997 $b Jakarta =300 ##$$a xii, 98 hlm., 21 cm =650 ##$$a Bisnis Katering =850 ##$$a NBPNMAT